History Quiz

Random History or Clickable Quiz

Centuries of Documents Quiz Stats

 Plays Quiz Updated Mar 23, 2016

Score 0/11 Timer 03:00
1 Play Today
% Correct
9|11 Commission Report
98.2%
Declaration of Independence (US)
86.7%
The Communist Manifesto
85.7%
Christopher Columbus' letter to King Ferdinand and Queen Isabella
72.4%
Treaty of Versailles
69%
Mayflower Compact
67%
Magna Carta
64.1%
Laws of William the Conqueror
58.7%
The Ninety-Five Theses
52.1%
Charter of Ban Kulin
32.1%
Huolongjing
21.2%

You're not logged in!

Compare scores with friends on all Sporcle quizzes.
OR
Log In

Show Comments

Extras

Top Quizzes Today


Score Distribution

Your Account Isn't Verified!

In order to create a playlist on Sporcle, you need to verify the email address you used during registration. Go to your Sporcle Settings to finish the process.

Report this User

Report this user for behavior that violates our Community Guidelines.

Details: